| 000 | 00625cam a2200193 a 4500 | ||
|---|---|---|---|
| 001 | 3821122 | ||
| 005 | 20231205003645.0 | ||
| 008 | 850816r19851880ii abf b 001 0aeng | ||
| 040 |
_aDLC _cDLC _dDLC |
||
| 082 |
_222 _a305.5. _bV BA. |
||
| 100 | 1 | _aBall, V. | |
| 245 | 1 | 0 |
_aTribal and peasant life in nineteenth century India / _cby V. Ball. |
| 260 |
_aNew Delhi : _bUsha, _c1985. |
||
| 300 | _axv, 720 p., [13] p. | ||
| 500 | _aReprint. Originally published: Jungle life in India, or, The journeys and journals of an Indian geologist. London : T. De La Rue, 1880. | ||
| 650 | 0 | _aEthnology | |
| 650 | 0 | _aPeasants | |
| 942 | _cL | ||
| 999 |
_c141 _d141 |
||